Taylor Swift - Devine la chanson sans indices #55 - Statistiques

Statistiques générales
  • Ce quiz a été pris 252 fois
  • Le résultat moyen est 240 sur 335
Statistiques - réponses
Réponse % Correct
I
100%
a
98%
you
95%
the
94%
The
94%
It
90%
it
90%
me,
89%
me
89%
me)
89%
be
86%
in
86%
on
86%
I'm
85%
(I'm
85%
my
85%
It's
83%
it's
83%
its
83%
and
82%
And
82%
(For
82%
for
82%
to
82%
your
82%
but
81%
then
81%
time)
81%
time,
81%
time
81%
(time),
81%
At
79%
at
79%
hi,
79%
hi
79%
(hi),
79%
problem,
79%
this
79%
where
78%
anti-hero
76%
everybody
76%
(everybody
76%
never
76%
have
75%
I'll
75%
is
75%
you're
75%
She
74%
agrees
73%
agrees,
73%
agrees)
73%
of
73%
When
73%
tea
72%
(tea)
72%
always
71%
mirror
71%
get
70%
last
70%
like
69%
Like
69%
sun
69%
up
69%
hear
68%
old
68%
must
67%
All
66%
all
66%
baby
66%
dream
66%
from
66%
left
66%
They
66%
Too
66%
Midnights
65%
older
65%
will
65%
daughter
64%
exhausting
64%
money
64%
thinks
64%
become
63%
monster
63%
some
63%
thing
63%
afternoons
62%
hill
62%
just
62%
sexy
62%
us
62%
directly
61%
kills
61%
"She's
61%
stare
61%
them
61%
wiser
61%
as
60%
not
60%
hell"
59%
I've
59%
out,
59%
out
59%
should
59%
with
59%
in-law
58%
One
57%
there
57%
'Cause
56%
Did
56%
feel
56%
got
56%
people
56%
rooting
55%
screaming
55%
wake
55%
laughing
54%
day
53%
come
52%
depression
52%
dreaming
52%
leaving
52%
own
52%
end
51%
room
51%
Sometimes
51%
watch
50%
big
49%
city
49%
family
49%
devices
48%
hang
48%
screams
48%
stand
48%
killed
47%
favorite
46%
tired
46%
heart,
44%
kind
44%
life
44%
prices
44%
crisis
43%
altruism
42%
narcissism
42%
someone
42%
(tale
42%
(Tale
42%
through
42%
gathers
41%
lose
41%
meaning
40%
Pierced
40%
disguise
39%
slowly
39%
scheming
38%
ghosted
37%
toward
34%
vices
34%
congressman?
32%
graveyard
32%
covert
31%
'round
31%
shift
31%
works
30%
reads
27%
lurching
25%
Aucun quiz correspondant
Distribution des résultats
% des personnes avec chaque résultat
Percentile par nombre de réponses
Votre historique - résultats
Vous n’avez pas pris ce quiz